000 00895nac a22002657a 4500
001 BR6005665
003 BR-BrBNA
005 20240105113132.0
008 230509b bl.|||m| |||| 00| 0 por d
040 _aBR-BrBNA
_bpor
_cBiblioteca Nacional de Agricultura
072 _aH20
090 _a1110 BR6005665
100 1 _aMarques, M. de A.
110 1 _aDepartamento Nacional da Producao Vegetal, Rio de Janeiro, GB (Brasil). Servico de Defesa Sanitaria Vegetal
_93241
245 1 _aA verrugose do abacateiro
260 3 _aRio de Janeiro, GB (Brasil):
_c1938.
300 _a24 p.
490 _aPublicacao - Departamento Nacional da Producao Vegetal. Servico de Defesa Sanitaria Vegetal (Brazil)
_vno. 13
_x
650 _aABACATE
650 _aVERRUGOSE
650 _aCALDA BORDALEZA
650 _aFUNGICIDA
909 _a202312
_bLúcia Elande
_c55
_dLúcia Elande
942 _2AGRIS
_n0
_cMS
999 _c262075
_d262075